• 首页
  • 本馆介绍
  • 公告通知
  • 最新文献
  • 馆藏检索
  • 电子资源
  • 读者导购
  • 参考咨询
  • 我的图书馆
  • 登录
  • 详细信息显示
  • 放入我的书架
  • 预约/预借图书
  • 作者相关作品
  • 分类相关作品
  • 丛书相关作品
  • 出版社相关作品

书目信息

  • 表格格式
  • 工作单格式
  • 卡片格式
题名:
最佳店堂
    
 
作者: ;深圳市金版文化发展公司 主编
分册: 07   茶馆
出版信息: 海口   南海出版公司  2006
页数: 144页
开本: 17×17cm
丛书名:
单 册:
中图分类: TU247-64 , TU247.3-64
科图分类:
主题词: 商店--建筑设计--中国--图集 , 服务建筑--建筑设计--中国--图集 , 商店 , 建筑设计 , 茶馆--建筑设计--中国--图集 , 茶馆 , 服务建筑
电子资源:
ISBN: 7-5442-2938-6
000 01021nam0 2200313 450
001 003203986
005 20070805171216.23
010    @a7-5442-2938-6@b精装@dCNY19.80
100    @a20060104d2006 em y0chiy0110 ea
101 0  @achi
102    @aCN@b460000
105    @aa z 000yy
200 1  @a最佳店堂@9zui jia dian tang@h07@i茶馆@dBest storefront@iTeahouse@f深圳市金版文化发展有限公司主编@zeng
210    @a海口@c南海出版公司@d2006
215    @a144页@c图@d17×17cm
330    @a本书介绍了茶馆的发展历史、茶馆的功能与种类、茶馆实例赏析等。
510 1  @aBest storefront@iTeahouse@zeng
606 0  @a商店@x建筑设计@y中国@j图集
606 0  @a服务建筑@x建筑设计@y中国@j图集
606 0  @a商店
606 0  @a建筑设计
606 0  @a茶馆@x建筑设计@y中国@j图集
606 0  @a茶馆
606 0  @a服务建筑
690    @aTU247-64@v4
690    @aTU247.3-64@v4
711 02 @a深圳市金版文化发展公司@9shen zhen shi jin ban wen hua fa zhan gong si@4主编
801  0 @aCN@bNLC@c20070805
905    @a10447@dTU247-64@e418:7
    
    最佳店堂.07.茶馆=Best storefront.Teahouse/深圳市金版文化发展有限公司主编.-海口:南海出版公司,2006
    144页:图;17×17cm
    
    
    ISBN 7-5442-2938-6(精装):CNY19.80
    本书介绍了茶馆的发展历史、茶馆的功能与种类、茶馆实例赏析等。
●
相关链接 在E读中查询图书 在五车中查询图书 在当当中查询图书 在豆瓣中查询图书


正题名:最佳店堂     索取号:TU247-64/418:7         预约/预借

序号 登录号 条形码 馆藏地/架位号 状态 备注
1 0808714   208087149   第二样本阅览室/ [索取号:TU247-64/418:7] 在馆    
2 0808715   208087158   第三借阅区/ [索取号:TU247-64/418:7] 在馆    
3 0808716   208087167   第三借阅区/ [索取号:TU247-64/418:7] 在馆    
4 0808717   208087176   第三借阅区/ [索取号:TU247-64/418:7] 在馆    
5 0808718   208087185   第三借阅区/ [索取号:TU247-64/418:7] 在馆    
6 0808719   208087194   第三借阅区/ [索取号:TU247-64/418:7] 在馆    
7 0808720   208087201   第三借阅区/ [索取号:TU247-64/418:7] 在馆    
8 0808721   208087210   第三借阅区/ [索取号:TU247-64/418:7] 在馆    
唐山师范学院图书馆 欢迎您!
大连网信软件有限公司© 版权所有